000 00341nam a22001457a 4500
003 OSt
005 20160727222415.0
008 160625b xxu||||| |||| 00| 0 eng d
040 _cTEST
100 _91119
_aMatthews, A
245 _aMaking Friends
260 _aCALIFONIA
_bPRICE STERN SLOAN
_c1991
300 _aMaking Friends
942 _2ddc
_cBK
999 _c903
_d903